Statistics for Things that are "French"

Click here to take the quiz!

General Stats

  • This quiz has been taken 38,541 times
    (11,989 since last reset)
  • The average score is 11 of 18

Answer Stats

HintAnswer% Correct
Pommes fritesFrench fries
95%
Romantic tongue exchangeFrench kiss
93%
A baguette, for exampleFrench bread
90%
Orchestra instrumentFrench horn
83%
Suriname's neighborFrench Guiana
80%
When the guillotine saw heavy useFrench Revolution
77%
Popular breakfast item which the
French call "pain perdu"
French toast
66%
A person from Quebec is a ...French Canadian
64%
Gift on the third day of ChristmasFrench hens
63%
Coastal region which includes the
cities of Nice and Cannes
French Riviera
63%
Roland Garros tournamentFrench Open
59%
Coffee-making deviceFrench press
58%
Popular ice cream flavorFrench vanilla
56%
New Orleans neighborhoodFrench Quarter
55%
1971 Gene Hackman movie
set in Marseille and New York
The French
Connection
41%
Departing a party without
saying goodbye to the host
French exit
41%
Roast beef sandwich, served au jusFrench dip
30%
Moroccan rapper who has a
U.S. state in his name
French Montana
30%

Score Distribution

Percentile by Number Answered

Percent of People with Each Score

Your Score History

You have not taken this quiz since the last reset